Rozpoznaj kluby Premier League po najdroższym piłkarzu - Statystyki

Ogólne statystyki
  • Ten quiz został rozwiązany 140 razy
    70 od ostatniego zresetowania
  • Średni wynik to 13 z 20
Statystyki odpowiedzi
Zawodnik Wartość (w mln) Klub % Poprawnych
Erling Haaland 200 Manchester City
100%
Bukayo Saka 150 FC Arsenal
97%
Luis Díaz 85 FC Liverpool
95%
Cole Palmer 130 Chelsea FC
92%
Rasmus Højlund 60 Manchester United
87%
Ollie Watkins / Amadou Onana 55 Aston Villa
80%
Bruno Guimarães 80 Newcastle United
79%
Cristian Romero 65 Tottenham Hotspur
74%
Eberechi Eze 55 Crystal Palace
69%
Mohammed Kudus 50 West Ham United
64%
Bryan Mbeumo 50 FC Brentford
62%
Matheus Cunha 50 Wolverhampton Wanderers
62%
João Pedro 50 Brighton & Hove Albion
56%
Murillo 50 Nottingham Forest
51%
Jarrad Branthwaite 42 FC Everton
49%
Leif Davis / Liam Delap 25 Ipswich Town
43%
Joachim Andersen / Emile Smith Rowe 32 FC Fulham
41%
Bilal El Khannouss 30 Leicester City
38%
Taylor Harwood-Bellis / Lesley Ugochukwu 25 FC Southampton
36%
Illa Zabarny 38 AFC Bournemouth
33%
Nie znaleziono quizów pasujących do podanych kryteriów
Rozkład punktacji
Procent ludzi z każdym wynikiem
Percentyl według liczby udzielonych odpowiedzi
Twoja historia wyników
Nie rozwiązałeś tego quizu od ostatniego zresetowania